000 00652nam a2200229Ia 4500
003 OSt
005 20220923230714.0
006 a|||||r|||| 00| 0
007 ta
008 Pun
024 _a304,916
037 _cTextual
040 _aARTS
_cARTS
_bPun
041 _2Pun
_aPun
082 _aV2:51y7NRAw,1, 153M6
100 _aਰੰਧਾਵਾ, ਬਸੰਤ ਸਿੰਘ
245 0 _aਬਾਫ਼ੀ ਹੋਇਆ ਖ਼ੌਜੀ
260 _c1986
650 _aਭਾਰਤੀਯ ਇਤਿਹਾਸ
942 _hV2:51y7NRAw,1, 153M6
_cTEXL
_2CC
999 _c386723
_d386723